<?xml version="1.0" encoding="UTF-8"?>
<record
    xmlns:xsi="http://www.w3.org/2001/XMLSchema-instance"
    xsi:schemaLocation="http://www.loc.gov/MARC21/slim http://www.loc.gov/standards/marcxml/schema/MARC21slim.xsd"
    xmlns="http://www.loc.gov/MARC21/slim">

  <leader>00475nam a22001337a 4500</leader>
  <datafield tag="082" ind1=" " ind2=" ">
    <subfield code="a">P-491</subfield>
    <subfield code="b">GC Abdula Ghafoor </subfield>
  </datafield>
  <datafield tag="245" ind1=" " ind2=" ">
    <subfield code="a">Comparative analyses of low and high density polyethylene modified bituminous mixes in pakistan</subfield>
    <subfield code="c">GC Abdula Ghafoor </subfield>
  </datafield>
  <datafield tag="260" ind1=" " ind2=" ">
    <subfield code="a">Risalpur </subfield>
    <subfield code="b">GC Abdula Ghafoor, GC Hamza Bin Faiz</subfield>
  </datafield>
  <datafield tag="300" ind1=" " ind2=" ">
    <subfield code="a">95 p. :</subfield>
  </datafield>
  <datafield tag="526" ind1=" " ind2=" ">
    <subfield code="a">0</subfield>
    <subfield code="b">0</subfield>
    <subfield code="c">0</subfield>
    <subfield code="d">P_491_GC_ABDULA_GHAFOOR</subfield>
  </datafield>
  <datafield tag="650" ind1=" " ind2=" ">
    <subfield code="a">MCE</subfield>
    <subfield code="9">379</subfield>
  </datafield>
  <datafield tag="700" ind1=" " ind2=" ">
    <subfield code="a">Lt Col Dr. Muhammad Bilal Khurshid</subfield>
    <subfield code="9">48120</subfield>
  </datafield>
  <datafield tag="942" ind1=" " ind2=" ">
    <subfield code="2">ddc</subfield>
    <subfield code="c">BK</subfield>
  </datafield>
  <datafield tag="999" ind1=" " ind2=" ">
    <subfield code="c">551153</subfield>
    <subfield code="d">551153</subfield>
  </datafield>
  <datafield tag="952" ind1=" " ind2=" ">
    <subfield code="0">0</subfield>
    <subfield code="1">0</subfield>
    <subfield code="2">ddc</subfield>
    <subfield code="4">0</subfield>
    <subfield code="7">0</subfield>
    <subfield code="a">MCE</subfield>
    <subfield code="b">MCE</subfield>
    <subfield code="d">2014-12-04</subfield>
    <subfield code="l">1</subfield>
    <subfield code="o">P-491 GC Abdula Ghafoor</subfield>
    <subfield code="p">MCE-P-491</subfield>
    <subfield code="r">2015-08-19</subfield>
    <subfield code="s">2015-04-09</subfield>
    <subfield code="w">2014-12-04</subfield>
    <subfield code="y">BK</subfield>
    <subfield code="z">Project.</subfield>
  </datafield>
</record>
